[Event "Paris ch 2005"]
[Site "Paris FRA"]
[Date "2005.07.10"]
[Round "2.11"]
[White "Moradiabadi, Elshan"]
[Black "Ak Hirawan, Mohd Omar"]
[Result "1-0"]
[WhiteElo "2485"]
[BlackElo "2364"]
[PlyCount "55"]
[EventDate "2005.07.09"]
[EventType "swiss"]
[EventRounds "9"]
[EventCountry "FRA"]
[Source "lmi"]
[SourceDate "2005.07.17"]

1. d4 Nf6 2. Nf3 g6 3. c4 Bg7 4. g3 d5 5. Bg2 dxc4 6. Na3 c5 7. Nxc4 cxd4 8.
Nxd4 O-O 9. O-O Nd5 10. Nb3 Nb4 11. a3 N4c6 12. Bf4 Qxd1 13. Rfxd1 Nd7 14. Nca5
Nxa5 15. Nxa5 Bxb2 16. Rab1 Be5 17. Bxb7 Bxb7 18. Rxb7 Bxf4 19. gxf4 Nc5 20.
Rxe7 Rfc8 21. Re5 Rab8 22. Re7 a6 23. e3 Kf8 24. Ra7 Rb5 25. Nc4 Ne4 26. Ne5
Rb2 27. Rxf7+ Kg8 28. Rdd7 1-0

[Event "Paris ch 2005"]
[Site "Paris FRA"]
[Date "2005.07.10"]
[Round "2.13"]
[White "Garcia Castro, Pablo"]
[Black "Reinaldo Castineira, Roi"]
[Result "1/2-1/2"]
[WhiteElo "2377"]
[BlackElo "2447"]
[PlyCount "98"]
[EventDate "2005.07.09"]
[EventType "swiss"]
[EventRounds "9"]
[EventCountry "FRA"]
[Source "lmi"]
[SourceDate "2005.07.17"]

1. e4 c5 2. Nf3 d6 3. g3 Nc6 4. Bg2 g6 5. O-O Bg7 6. Re1 e5 7. a3 Nge7 8. c3
O-O 9. d3 h6 10. b4 a6 11. Nbd2 Be6 12. Rb1 b5 13. Bb2 a5 14. d4 exd4 15. cxd4
axb4 16. d5 Bxb2 17. Rxb2 bxa3 18. Rxb5 a2 19. Qa1 Nxd5 20. exd5 Bxd5 21. Ne4
Bxe4 22. Rxe4 Nb4 23. Rexb4 cxb4 24. Nd4 Re8 25. Nb3 Ra3 26. Rxb4 Qe7 27. Re4
Qxe4 28. Bxe4 Rxe4 29. Kg2 Rxb3 30. Qxa2 Rbb4 31. Qd2 Red4 32. Qe3 Kg7 33. h4
h5 34. Qc3 Rbc4 35. Qa3 Kf6 36. Qb2 Ke6 37. Kf3 Rd3+ 38. Kg2 Rcd4 39. Qb8 Ke7
40. Qc8 Rd2 41. Qc3 R4d3 42. Qc4 Ra3 43. g4 Raa2 44. Qc7+ Kf8 45. gxh5 Rxf2+
46. Kg3 Rg2+ 47. Kh3 gxh5 48. Qxd6+ Kg8 49. Qg6+ fxg6 1/2-1/2

[Event "Paris ch 2005"]
[Site "Paris FRA"]
[Date "2005.07.10"]
[Round "2.16"]
[White "Shchekachev, Andrei"]
[Black "Mingachev, Mansur"]
[Result "1/2-1/2"]
[WhiteElo "2570"]
[BlackElo "2337"]
[PlyCount "114"]
[EventDate "2005.07.09"]
[EventType "swiss"]
[EventRounds "9"]
[EventCountry "FRA"]
[Source "lmi"]
[SourceDate "2005.07.17"]

1. Nf3 Nf6 2. c4 e6 3. Nc3 d5 4. d4 dxc4 5. e3 c5 6. Bxc4 a6 7. a4 Nc6 8. O-O
Be7 9. dxc5 Qxd1 10. Rxd1 Bxc5 11. h3 b6 12. e4 Bb7 13. Bf4 Rd8 14. e5 Nd7 15.
Ne4 Ncxe5 16. Nxe5 Bxe4 17. Bxa6 Nxe5 18. Bxe5 Ke7 19. Bb5 f6 20. Bc3 Rxd1+ 21.
Rxd1 Bd5 22. Rc1 Rb8 23. b4 Bd6 24. Bd2 g5 25. Kf1 h6 26. Bc6 Bxc6 27. Rxc6 Kd7
28. b5 Ra8 29. Rxb6 Rxa4 30. Rb7+ Kc8 31. Rh7 Ra1+ 32. Ke2 Ra2 33. Kd3 Rb2 34.
Rxh6 Be5 35. Rh8+ Kd7 36. Rh7+ Kc8 37. Re7 Rxb5 38. Rxe6 Rd5+ 39. Ke2 Kd7 40.
Ra6 Ke7 41. Ra7+ Ke6 42. Ra6+ Kf5 43. Ra5 Rxa5 44. Bxa5 Bd6 45. Bd2 Bc7 46. Kd3
Bd6 47. g4+ Kg6 48. Ke4 Bc5 49. Be3 Bb4 50. Bd4 Bd2 51. Bb6 Bc3 52. Bc7 Be1 53.
Bg3 Bd2 54. f4 gxf4 55. Bxf4 Be1 56. Bc7 Kg5 57. Bd8 Bc3 1/2-1/2

[Event "Paris ch 2005"]
[Site "Paris FRA"]
[Date "2005.07.10"]
[Round "2.18"]
[White "Paredes Galan, Angel"]
[Black "Yakovich, Yuri"]
[Result "0-1"]
[WhiteElo "2334"]
[BlackElo "2560"]
[PlyCount "50"]
[EventDate "2005.07.09"]
[EventType "swiss"]
[EventRounds "9"]
[EventCountry "FRA"]
[Source "lmi"]
[SourceDate "2005.07.17"]

1. e4 c5 2. Nf3 e6 3. d4 cxd4 4. Nxd4 a6 5. Nc3 b5 6. g3 Bb7 7. Bg2 Nf6 8. O-O
b4 9. Na4 Bxe4 10. Bxe4 Nxe4 11. Re1 Nf6 12. c4 bxc3 13. Qb3 d5 14. bxc3 Nbd7
15. Be3 Qc8 16. Qc2 Be7 17. Rab1 O-O 18. Bf4 Bc5 19. Nxc5 Qxc5 20. Rb3 Rfc8 21.
Qb2 h6 22. Kg2 Qc4 23. Qa3 Qc5 24. Qb2 Qf8 25. Qe2 e5 0-1

[Event "Paris ch 2005"]
[Site "Paris FRA"]
[Date "2005.07.10"]
[Round "2.19"]
[White "Malakhatko, Vadim"]
[Black "Simon, Olivier"]
[Result "1-0"]
[WhiteElo "2556"]
[BlackElo "2315"]
[PlyCount "85"]
[EventDate "2005.07.09"]
[EventType "swiss"]
[EventRounds "9"]
[EventCountry "FRA"]
[Source "lmi"]
[SourceDate "2005.07.17"]

1. d4 Nf6 2. Nf3 g6 3. Bg5 Bg7 4. c3 O-O 5. Nbd2 d6 6. a4 c5 7. e3 Nc6 8. Be2
h6 9. Bxf6 exf6 10. O-O cxd4 11. exd4 d5 12. Bd3 Be6 13. Nb3 Qd6 14. Nc5 b6 15.
Nxe6 Qxe6 16. Re1 Qd6 17. Qe2 Qd7 18. Bb5 Rfe8 19. Qd3 Rxe1+ 20. Rxe1 Re8 21.
Rxe8+ Qxe8 22. Qd2 Qc8 23. Qf4 a6 24. Bf1 Qb7 25. Qd6 Na7 26. Ne1 f5 27. Nd3
Bf8 28. Qd8 Nc8 29. Nb4 b5 30. axb5 axb5 31. Qxd5 Qxd5 32. Nxd5 Na7 33. f4 Bd6
34. g3 Kf8 35. Kf2 Ke8 36. Bd3 Kd7 37. Ne3 Kc6 38. Bc2 Kd7 39. Ke2 h5 40. h4
Nc8 41. Bb3 Ke8 42. Bd5 Ne7 43. Kd3 1-0

[Event "Paris ch 2005"]
[Site "Paris FRA"]
[Date "2005.07.10"]
[Round "2.20"]
[White "Zozulia, Anna"]
[Black "Bagheri, Amir"]
[Result "0-1"]
[WhiteElo "2314"]
[BlackElo "2537"]
[PlyCount "118"]
[EventDate "2005.07.09"]
[EventType "swiss"]
[EventRounds "9"]
[EventCountry "FRA"]
[Source "lmi"]
[SourceDate "2005.07.17"]

1. e4 c6 2. d4 d5 3. e5 Bf5 4. Nf3 e6 5. Be2 Ne7 6. O-O h6 7. b3 Nd7 8. c4 g5
9. Nc3 Bg7 10. Ba3 Ng6 11. cxd5 exd5 12. Bd3 Bxd3 13. Qxd3 Nf4 14. Qf5 Nf8 15.
Rfe1 Qd7 16. Qxd7+ Kxd7 17. Nd1 N8e6 18. Ne3 h5 19. Nf5 g4 20. N3h4 Ng6 21.
Rad1 Bh6 22. Nxh6 Rxh6 23. Nf5 Rh7 24. Bc1 b6 25. Rd3 h4 26. f3 Ngf4 27. Bxf4
Nxf4 28. Rc3 Rg8 29. fxg4 Rxg4 30. Ne3 Rg6 31. Rc2 Ne6 32. Nf5 Rg4 33. Rf2 Nf4
34. Re3 Ke6 35. Nd6 Rhg7 36. Ref3 Rxg2+ 37. Rxg2 Rxg2+ 38. Kf1 Rg4 39. h3 Nxh3
40. Rxh3 Rxd4 41. Rf3 Kxe5 42. Nxf7+ Ke4 43. Ng5+ Ke5 44. Ke2 Rg4 45. Re3+ Kf5
46. Nh3 Re4 47. Nf2 Rxe3+ 48. Kxe3 c5 49. Kf3 b5 50. Nd3 c4 51. Nf4 d4 52. Ne2
Ke5 53. Nf4 d3 54. bxc4 bxc4 55. Ng6+ Kd4 56. Nxh4 c3 57. Nf5+ Ke5 58. Ne3 c2
59. Nc4+ Kf6 0-1

[Event "Paris ch 2005"]
[Site "Paris FRA"]
[Date "2005.07.10"]
[Round "2.21"]
[White "Kengis, Edvins"]
[Black "Becker, Martin"]
[Result "1-0"]
[WhiteElo "2534"]
[BlackElo "2310"]
[PlyCount "81"]
[EventDate "2005.07.09"]
[EventType "swiss"]
[EventRounds "9"]
[EventCountry "FRA"]
[Source "lmi"]
[SourceDate "2005.07.17"]

1. Nf3 d5 2. d4 Nf6 3. c4 e6 4. g3 dxc4 5. Bg2 Nc6 6. Qa4 Bb4+ 7. Bd2 Qd6 8.
Ne5 Nd5 9. Nxc6 bxc6 10. a3 Bxd2+ 11. Nxd2 Bd7 12. Nxc4 Qe7 13. Qa5 O-O 14. O-O
Rfb8 15. Rfc1 Rb5 16. Qd2 c5 17. dxc5 Rxc5 18. b4 Rb5 19. Ne5 Rd8 20. Nd3 Be8
21. Qc2 c6 22. Nc5 Ra8 23. e4 Nf6 24. Nb3 e5 25. Rd1 Rd8 26. Rxd8 Qxd8 27. Rd1
Qe7 28. Na5 Rb6 29. Qc3 h5 30. Nc4 Rb5 31. Nd6 Rb8 32. Nf5 Qc7 33. Qd2 Nh7 34.
f4 g6 35. Nd6 exf4 36. gxf4 Qb6+ 37. Kh1 c5 38. f5 gxf5 39. Nxf5 cxb4 40. Qf4
Kh8 41. Qg3 1-0

[Event "Paris ch 2005"]
[Site "Paris FRA"]
[Date "2005.07.10"]
[Round "2.22"]
[White "Abergel, Thal"]
[Black "Leconte, Maria"]
[Result "1/2-1/2"]
[WhiteElo "2446"]
[BlackElo "2296"]
[PlyCount "105"]
[EventDate "2005.07.09"]
[EventType "swiss"]
[EventRounds "9"]
[EventCountry "FRA"]
[Source "lmi"]
[SourceDate "2005.07.17"]

1. e4 e6 2. d4 d5 3. Nd2 Be7 4. Ngf3 Nf6 5. e5 Nfd7 6. c3 c5 7. Bd3 Nc6 8. O-O
a5 9. Re1 cxd4 10. cxd4 a4 11. Nf1 g5 12. Ne3 h5 13. g4 h4 14. Bd2 Nb6 15. Rc1
Bd7 16. a3 Nc8 17. Nc2 Na5 18. h3 Nb3 19. Rb1 Nb6 20. Be3 Rc8 21. Nd2 Na5 22.
f4 Nac4 23. f5 Nxe3 24. Nxe3 Bc6 25. Rc1 Rg8 26. Qe2 Nd7 27. Nf3 Qb6 28. Qc2
Bd8 29. fxe6 fxe6 30. Bg6+ Ke7 31. Nxg5 Qxd4 32. Nxe6 Qb6 33. Qf5 Rxg6 34. Nxd8
Rg7 35. Nxc6+ bxc6 36. Qf2 Rf8 37. Nxd5+ cxd5 38. Qxb6 Nxb6 39. Rc7+ Nd7 40. e6
Kd6 41. Rxd7+ Rxd7 42. exd7 Kxd7 43. Rf1 Rb8 44. Rf4 Rxb2 45. g5 Rb3 46. Rxh4
Rg3+ 47. Kf2 Rxg5 48. Rxa4 Kc6 49. h4 Re5 50. Kg3 Kb5 51. Ra8 d4 52. Kf4 Rh5
53. Ke4 1/2-1/2

[Event "Paris ch 2005"]
[Site "Paris FRA"]
[Date "2005.07.10"]
[Round "2.23"]
[White "Guadalpi, David"]
[Black "Shirazi, Kamran"]
[Result "0-1"]
[WhiteElo "2300"]
[BlackElo "2410"]
[PlyCount "52"]
[EventDate "2005.07.09"]
[EventType "swiss"]
[EventRounds "9"]
[EventCountry "FRA"]
[Source "lmi"]
[SourceDate "2005.07.17"]

1. e4 c5 2. Nf3 Nf6 3. Nc3 d5 4. exd5 Nxd5 5. Bb5+ Bd7 6. Ne5 Nf6 7. Nxd7 Nbxd7
8. d4 cxd4 9. Qxd4 a6 10. Ba4 b5 11. Bb3 e6 12. O-O Nc5 13. Be3 Qc7 14. Rfd1
Be7 15. Qf4 Qc6 16. Qg3 O-O 17. Bh6 Ne8 18. Bf4 Bf6 19. Be5 b4 20. Ne2 Ne4 21.
Qf4 g5 22. Ba4 Qc4 23. Rd4 Qxd4 24. Bxd4 gxf4 25. Bxf6 N8xf6 26. Nxf4 Rac8 0-1

[Event "Paris ch 2005"]
[Site "Paris FRA"]
[Date "2005.07.10"]
[Round "2.24"]
[White "Pelikian, Jefferson"]
[Black "Lamorelle, Julien"]
[Result "1-0"]
[WhiteElo "2405"]
[BlackElo "2202"]
[PlyCount "77"]
[EventDate "2005.07.09"]
[EventType "swiss"]
[EventRounds "9"]
[EventCountry "FRA"]
[Source "lmi"]
[SourceDate "2005.07.17"]

1. e4 c5 2. Nf3 d6 3. Bc4 e6 4. O-O Nc6 5. Re1 Nf6 6. Bb3 Be7 7. c3 O-O 8. d4
e5 9. h3 Nd7 10. dxe5 Ndxe5 11. Bf4 Be6 12. Bxe5 Bxb3 13. Qxb3 Nxe5 14. Nxe5
dxe5 15. Na3 Qc7 16. Nc4 Rfd8 17. Rad1 Rxd1 18. Rxd1 Rd8 19. Rxd8+ Bxd8 20. Qd1
Bf6 21. Qd5 h6 22. a4 Kh7 23. g3 b6 24. h4 Qe7 25. b3 g6 26. Nd6 Kg7 27. Kg2 h5
28. Qc6 Kh7 29. Ne8 Bg7 30. Nc7 f5 31. Ne6 Bf6 32. Kf3 fxe4+ 33. Kxe4 g5 34.
hxg5 Bxg5 35. Nxg5+ Qxg5 36. Qd7+ Kg6 37. Qe8+ Kh7 38. Qf7+ Kh6 39. Qe6+ 1-0

[Event "Paris ch 2005"]
[Site "Paris FRA"]
[Date "2005.07.10"]
[Round "2.25"]
[White "Morelle, Ludovic"]
[Black "Serafimov, Tervel"]
[Result "1/2-1/2"]
[WhiteElo "2232"]
[BlackElo "2405"]
[PlyCount "40"]
[EventDate "2005.07.09"]
[EventType "swiss"]
[EventRounds "9"]
[EventCountry "FRA"]
[Source "lmi"]
[SourceDate "2005.07.17"]

1. e4 c5 2. c3 a6 3. d4 cxd4 4. cxd4 d5 5. exd5 Nf6 6. Nc3 Nxd5 7. Nf3 Nc6 8.
Bc4 e6 9. O-O Be7 10. Re1 O-O 11. Bb3 b5 12. Nxd5 exd5 13. Ne5 Nxe5 14. Rxe5
Be6 15. Qd3 Bf6 16. Re1 Rc8 17. Bf4 g6 18. Be5 Bxe5 19. Rxe5 Qf6 20. Rae1 Rfd8
1/2-1/2

[Event "Paris ch 2005"]
[Site "Paris FRA"]
[Date "2005.07.10"]
[Round "2.26"]
[White "Dudognon, Marc"]
[Black "Bakhmatov, Eduard"]
[Result "0-1"]
[WhiteElo "2227"]
[BlackElo "2373"]
[PlyCount "84"]
[EventDate "2005.07.09"]
[EventType "swiss"]
[EventRounds "9"]
[EventCountry "FRA"]
[Source "lmi"]
[SourceDate "2005.07.17"]

1. d4 Nf6 2. Nf3 d6 3. g3 g6 4. Bg2 Bg7 5. O-O O-O 6. c4 Nbd7 7. Nc3 e5 8. dxe5
dxe5 9. b3 Re8 10. Bb2 c6 11. e3 Qe7 12. h3 Nf8 13. Qe2 N6d7 14. Rfd1 e4 15.
Ne1 f5 16. Qc2 Ne5 17. Rd2 h5 18. h4 Be6 19. Ne2 g5 20. hxg5 Qxg5 21. Nf4 h4
22. gxh4 Qxh4 23. Rad1 Bf7 24. Rd6 Bh5 25. Nxh5 Qxh5 26. Kf1 Nfg6 27. Qe2 Ng4
28. Rxg6 Qxg6 29. Rd7 Bxb2 30. Qxb2 Rad8 31. Qd4 Nh2+ 32. Ke2 Rxd7 33. Qxd7 Qf7
34. Qd6 Qh5+ 35. Kd2 Ng4 36. f3 Nxe3 37. Qg3+ Kh8 38. fxe4 Nxg2 39. Nxg2 Rxe4
40. Qc3+ Kh7 41. Qg3 Rg4 42. Qf2 Qg5+ 0-1

[Event "Paris ch 2005"]
[Site "Paris FRA"]
[Date "2005.07.10"]
[Round "2.27"]
[White "Nguyen, Chi-Minh"]
[Black "Struk, Jerzy"]
[Result "1/2-1/2"]
[WhiteElo "2371"]
[BlackElo "2232"]
[PlyCount "84"]
[EventDate "2005.07.09"]
[EventType "swiss"]
[EventRounds "9"]
[EventCountry "FRA"]
[Source "lmi"]
[SourceDate "2005.07.17"]

1. d4 Nf6 2. c4 e6 3. Nc3 Bb4 4. e3 O-O 5. Nf3 b6 6. Bd3 Bb7 7. O-O d6 8. Na4
d5 9. cxd5 exd5 10. a3 Bd6 11. b4 c6 12. Nc3 Nbd7 13. Qb3 Re8 14. Bb2 Ne4 15.
b5 Ng5 16. Nxg5 Qxg5 17. bxc6 Bxc6 18. f4 Qe7 19. Rfe1 Nf6 20. h3 Rad8 21. a4
Nh5 22. Ba3 Bxa3 23. Qxa3 Qxa3 24. Rxa3 Nxf4 25. Bb5 Bxb5 26. axb5 Rc8 27. Ne2
Nxe2+ 28. Rxe2 Rc1+ 29. Kf2 Re7 30. Raa2 f5 31. Rec2 Rb1 32. Rc8+ Kf7 33. Ra8
Rxb5 34. R8xa7 h6 35. h4 Rxa7 36. Rxa7+ Kf6 37. Rd7 g6 38. Rd6+ Kf7 39. Kf3 h5
40. Kf4 Rb2 41. Ke5 Rxg2 42. Rd7+ Kf8 1/2-1/2

[Event "Paris ch 2005"]
[Site "Paris FRA"]
[Date "2005.07.10"]
[Round "2.28"]
[White "Onkoud, Abdelaziz"]
[Black "Guerin, Francois"]
[Result "1-0"]
[WhiteElo "2361"]
[BlackElo "2171"]
[PlyCount "65"]
[EventDate "2005.07.09"]
[EventType "swiss"]
[EventRounds "9"]
[EventCountry "FRA"]
[Source "lmi"]
[SourceDate "2005.07.17"]

1. d4 Nf6 2. Nf3 g6 3. g3 Bg7 4. Bg2 d6 5. O-O O-O 6. c4 Nbd7 7. Nc3 e5 8. e4
exd4 9. Nxd4 Re8 10. Re1 a6 11. h3 Rb8 12. a4 Ne5 13. b3 Nfd7 14. Ra2 Nc5 15.
Be3 c6 16. Rd2 Qa5 17. Qc2 b5 18. axb5 axb5 19. cxb5 cxb5 20. f4 Ned7 21. e5
Rb6 22. Nd5 dxe5 23. b4 Qa4 24. Nxb6 Nxb6 25. bxc5 exd4 26. cxb6 dxe3 27. Qxa4
bxa4 28. Rxe3 Rxe3 29. Rd8+ Bf8 30. Rxc8 a3 31. b7 a2 32. Rxf8+ Kg7 33. Ra8 1-0

[Event "Paris ch 2005"]
[Site "Paris FRA"]
[Date "2005.07.10"]
[Round "2.29"]
[White "Goldsztejn, Gildas"]
[Black "Montabord, Manuel"]
[Result "1-0"]
[WhiteElo "2330"]
[BlackElo "2200"]
[PlyCount "45"]
[EventDate "2005.07.09"]
[EventType "swiss"]
[EventRounds "9"]
[EventCountry "FRA"]
[Source "lmi"]
[SourceDate "2005.07.17"]

1. Nf3 Nf6 2. c4 c5 3. Nc3 Nc6 4. d4 cxd4 5. Nxd4 e6 6. Ndb5 d5 7. cxd5 Nb4 8.
d6 Nbd5 9. e4 a6 10. exd5 axb5 11. Bxb5+ Bd7 12. dxe6 fxe6 13. O-O Kf7 14. Bg5
Bxb5 15. Nxb5 Ra6 16. Bxf6 Qxf6 17. Rc1 Rxa2 18. Rc7+ Kg8 19. Rc8 Kf7 20. d7
Bc5 21. Rxh8 Rxb2 22. d8=Q Rxf2 23. Qe8# 1-0

[Event "Paris ch 2005"]
[Site "Paris FRA"]
[Date "2005.07.10"]
[Round "2.30"]
[White "Houhou, Olivier"]
[Black "Elbilia, Jacques"]
[Result "1/2-1/2"]
[WhiteElo "2253"]
[BlackElo "2336"]
[PlyCount "69"]
[EventDate "2005.07.09"]
[EventType "swiss"]
[EventRounds "9"]
[EventCountry "FRA"]
[Source "lmi"]
[SourceDate "2005.07.17"]

1. e4 d6 2. d4 Nf6 3. Nc3 e5 4. Nf3 Nbd7 5. Bc4 Be7 6. O-O O-O 7. Re1 c6 8. a4
Qc7 9. h3 h6 10. Be3 Re8 11. a5 Nf8 12. d5 Bd7 13. Qd3 Ng6 14. a6 b5 15. Bb3 c5
16. Nxb5 Qc8 17. Nc3 Bxh3 18. Nh2 Bd7 19. Ba4 Rb8 20. Reb1 Rb4 21. b3 Nh5 22.
Qd1 Nf6 23. Qd3 Rf8 24. Bxd7 Qxd7 25. Ra4 Rfb8 26. Rxb4 Rxb4 27. Ra1 Ng4 28.
Nxg4 Qxg4 29. Qd1 Qd7 30. Ra4 Rb8 31. Qd2 Bd8 32. Ne2 Bh4 33. Nc1 Be7 34. Ne2
Bh4 35. Nc1 1/2-1/2

[Event "Paris ch 2005"]
[Site "Paris FRA"]
[Date "2005.07.10"]
[Round "2.31"]
[White "Greiff, Hakan"]
[Black "Le Quang, Kim"]
[Result "1-0"]
[WhiteElo "2244"]
[BlackElo "2330"]
[PlyCount "87"]
[EventDate "2005.07.09"]
[EventType "swiss"]
[EventRounds "9"]
[EventCountry "FRA"]
[Source "lmi"]
[SourceDate "2005.07.17"]

1. e4 c5 2. Nf3 d6 3. d4 cxd4 4. Nxd4 Nf6 5. Nc3 g6 6. h3 Bg7 7. g4 Nc6 8. Nde2
O-O 9. Bg2 Rb8 10. O-O b5 11. Be3 b4 12. Nd5 Nd7 13. Nd4 Bxd4 14. Bxd4 e6 15.
Be3 exd5 16. exd5 Ne7 17. Bh6 Re8 18. Re1 Qb6 19. Be3 Qc7 20. Qd4 Ne5 21. Qf4
Bb7 22. Qf6 Nd7 23. Qd4 Ne5 24. Rad1 Qc4 25. Qd2 a5 26. Bd4 f6 27. f4 Nd7 28.
b3 Qb5 29. Bb2 Nb6 30. Bxf6 Nexd5 31. Bd4 Ba8 32. f5 Nc3 33. Qh6 Qd7 34. fxg6
Ne2+ 35. Rxe2 Rxe2 36. gxh7+ Qxh7 37. Qg5+ Kf7 38. Rf1+ Ke8 39. Qb5+ Nd7 40.
Qxe2+ Kd8 41. Rf5 Bxg2 42. Kxg2 Rc8 43. Qe4 d5 44. Bb6+ 1-0

[Event "Paris ch 2005"]
[Site "Paris FRA"]
[Date "2005.07.10"]
[Round "2.32"]
[White "Demarre, Jacques"]
[Black "Govciyan, Pavel"]
[Result "1-0"]
[WhiteElo "2221"]
[BlackElo "2328"]
[PlyCount "87"]
[EventDate "2005.07.09"]
[EventType "swiss"]
[EventRounds "9"]
[EventCountry "FRA"]
[Source "lmi"]
[SourceDate "2005.07.17"]

1. e4 g6 2. d4 Bg7 3. Nf3 d6 4. c3 Nf6 5. Bd3 O-O 6. h3 Nbd7 7. O-O e5 8. Re1
c6 9. a4 Qc7 10. a5 Rb8 11. Nbd2 Re8 12. Qc2 b5 13. axb6 axb6 14. b3 b5 15. Bb2
Nh5 16. Bf1 b4 17. Nc4 exd4 18. cxd4 Nb6 19. Nfd2 Nxc4 20. Nxc4 Be6 21. Ne3 Nf4
22. Ra6 Bd7 23. Rea1 Qd8 24. Ra7 Ne6 25. d5 Nc5 26. Bc4 cxd5 27. Nxd5 Rxe4 28.
Bxg7 Kxg7 29. Qb2+ f6 30. Rc7 Re5 31. Raa7 Rc8 32. Rxc8 Qxc8 33. f4 Re6 34. Kh2
Qd8 35. Qa1 Re8 36. Qd4 Rf8 37. Nc7 Qe7 38. Nb5 Rd8 39. Nxd6 Ne6 40. Qd5 Kh6
41. f5 Nf8 42. Nf7+ Kg7 43. Nxd8 Qxd8 44. Qd6 1-0

[Event "Paris ch 2005"]
[Site "Paris FRA"]
[Date "2005.07.10"]
[Round "2.33"]
[White "Meinhardt, Maximilian"]
[Black "Badii, Madjid"]
[Result "1-0"]
[WhiteElo "2324"]
[BlackElo "2257"]
[PlyCount "67"]
[EventDate "2005.07.09"]
[EventType "swiss"]
[EventRounds "9"]
[EventCountry "FRA"]
[Source "lmi"]
[SourceDate "2005.07.17"]

1. e4 c5 2. Nf3 Nc6 3. Bb5 Qc7 4. O-O d6 5. Nc3 e6 6. Re1 Be7 7. d4 cxd4 8.
Qxd4 Bd7 9. Qxg7 Bf6 10. Qg3 Nge7 11. Bg5 Bxg5 12. Nxg5 h6 13. Nf3 Rg8 14. Qf4
Ng6 15. Qf6 Nce5 16. Nd4 a6 17. Nxe6 fxe6 18. Qxe6+ Kf8 19. Qf6+ Nf7 20. Nd5
Qd8 21. Qxd8+ Rxd8 22. Bxd7 Rxd7 23. Nf6 Rc7 24. Nxg8 Kxg8 25. c3 Nfe5 26. Red1
Rc6 27. g3 Kf7 28. f4 Nc4 29. b3 Na5 30. Rd5 b5 31. c4 Rc5 32. Rxd6 bxc4 33. b4
Rc6 34. Rd5 1-0

[Event "Paris ch 2005"]
[Site "Paris FRA"]
[Date "2005.07.10"]
[Round "2.34"]
[White "Lepan, Marvin"]
[Black "Amigues, Emmanuel"]
[Result "0-1"]
[WhiteElo "2217"]
[BlackElo "2317"]
[PlyCount "90"]
[EventDate "2005.07.09"]
[EventType "swiss"]
[EventRounds "9"]
[EventCountry "FRA"]
[Source "lmi"]
[SourceDate "2005.07.17"]

1. Nf3 d5 2. c4 e6 3. g3 c6 4. Bg2 Nf6 5. b3 Bd6 6. O-O O-O 7. d4 b6 8. Ba3
Bxa3 9. Nxa3 Ba6 10. Rc1 Nbd7 11. b4 Qe7 12. Qb3 Bb7 13. Rfd1 a5 14. b5 c5 15.
Qb2 Rac8 16. cxd5 exd5 17. dxc5 bxc5 18. e3 Rfe8 19. Nb1 c4 20. Nc3 Nc5 21. Ne1
Nce4 22. Rd4 Qb4 23. Qxb4 axb4 24. Nxe4 Nxe4 25. Bxe4 Rxe4 26. Rcd1 Rxd4 27.
exd4 Ra8 28. Nc2 Rxa2 29. Nxb4 Ra8 30. Nc2 Kf8 31. Ra1 Rxa1+ 32. Nxa1 Ke7 33.
Nc2 Kd6 34. Ne3 Kc7 35. Kf1 Kb6 36. Ke2 Kxb5 37. Nf5 Kb4 38. Kd2 Kb3 39. Nd6
Ba6 40. Kc1 Kc3 41. Nxf7 Kxd4 42. Ng5 Kc3 43. f4 Bb7 44. Nh3 d4 45. Nf2 Bf3 0-1

[Event "Paris ch 2005"]
[Site "Paris FRA"]
[Date "2005.07.10"]
[Round "2.35"]
[White "Rrhioua, Tarik"]
[Black "Verdier, Patrice"]
[Result "1/2-1/2"]
[WhiteElo "2315"]
[BlackElo "2252"]
[PlyCount "119"]
[EventDate "2005.07.09"]
[EventType "swiss"]
[EventRounds "9"]
[EventCountry "FRA"]
[Source "lmi"]
[SourceDate "2005.07.17"]

1. Nf3 c5 2. b3 Nf6 3. Bb2 e6 4. e3 b6 5. Be2 Bb7 6. O-O Be7 7. c4 O-O 8. d4
cxd4 9. exd4 d5 10. Nbd2 Nc6 11. Re1 Ne4 12. Bd3 Nxd2 13. Qxd2 Bb4 14. Bc3 Bxc3
15. Qxc3 dxc4 16. bxc4 Rc8 17. Be4 Na5 18. Bxb7 Nxb7 19. Qb4 Rc7 20. Rac1 Qd6
21. Qa4 a5 22. Rc2 Rfc8 23. Rb1 Qc6 24. Qxc6 Rxc6 25. c5 f6 26. Rcb2 bxc5 27.
Rxb7 cxd4 28. g4 Rc1+ 29. Rxc1 Rxc1+ 30. Kg2 e5 31. Ra7 d3 32. Rd7 Rc2 33. Ne1
Rxa2 34. Rxd3 Kf7 35. Rd7+ Kg6 36. Nf3 e4 37. Nh4+ Kg5 38. Kg3 g6 39. f4+ Kh6
40. Rf7 Ra3+ 41. Kf2 Ra2+ 42. Kf1 Ra1+ 43. Kf2 Ra2+ 44. Ke3 Rxh2 45. Rxf6 Rxh4
46. g5+ Kh5 47. Kxe4 Kg4 48. Ke5 Kg3 49. Rf7 a4 50. Rf8 Rh2 51. Ra8 Re2+ 52.
Kf6 Re4 53. Kg7 Kxf4 54. Kh6 Kg4 55. Ra5 Rf4 56. Ra7 Kf5 57. Ra5+ Kg4 58. Ra7
a3 59. Rxa3 Rf7 60. Rg3+ 1/2-1/2

[Event "Paris ch 2005"]
[Site "Paris FRA"]
[Date "2005.07.10"]
[Round "2.36"]
[White "Schlawin, Marlon"]
[Black "Paci, Cedric"]
[Result "1/2-1/2"]
[WhiteElo "2302"]
[BlackElo "2238"]
[PlyCount "97"]
[EventDate "2005.07.09"]
[EventType "swiss"]
[EventRounds "9"]
[EventCountry "FRA"]
[Source "lmi"]
[SourceDate "2005.07.17"]

1. e4 e5 2. Nf3 Nc6 3. Bc4 Bc5 4. c3 Nf6 5. d4 exd4 6. cxd4 Bb4+ 7. Bd2 Nxe4 8.
Bxb4 Nxb4 9. Bxf7+ Kxf7 10. Qb3+ d5 11. Ne5+ Kf6 12. Qxb4 c5 13. Qa4 b5 14.
Qxb5 cxd4 15. Nf3 Qd6 16. Qa4 Ba6 17. Qxd4+ Kf7 18. Ne5+ Ke6 19. Nd3 Rhf8 20.
O-O Bxd3 21. Qxd3 Qc5 22. Qh3+ Ke5 23. Qa3 Rxf2 24. Qxc5 Rxf1+ 25. Kxf1 Nxc5
26. Nd2 Nd3 27. b3 Rc8 28. Rd1 Rc2 29. Nf3+ Ke4 30. Ne1 Nxe1 31. Rxe1+ Kd3 32.
Re7 d4 33. Rxa7 Kd2 34. Rxg7 Rxa2 35. Rxh7 d3 36. Rd7 Kc2 37. Kf2 d2 38. Ke2
Kc1 39. Kf3 d1=Q+ 40. Rxd1+ Kxd1 41. h4 Kd2 42. Ke4 Rb2 43. h5 Rxb3 44. g4 Rb4+
45. Kf5 Ke3 46. h6 Rb5+ 47. Kg6 Kf4 48. h7 Rb6+ 49. Kg7 1/2-1/2

[Event "Paris ch 2005"]
[Site "Paris FRA"]
[Date "2005.07.10"]
[Round "2.38"]
[White "Templier, Nicolas"]
[Black "Gonzalez Diaz, Julio"]
[Result "1/2-1/2"]
[WhiteElo "2290"]
[BlackElo "2237"]
[PlyCount "45"]
[EventDate "2005.07.09"]
[EventType "swiss"]
[EventRounds "9"]
[EventCountry "FRA"]
[Source "lmi"]
[SourceDate "2005.07.17"]

1. d4 d6 2. Nf3 g6 3. c4 Bg7 4. g3 Nc6 5. Bg2 e5 6. d5 Nce7 7. e4 Bg4 8. h3
Bxf3 9. Qxf3 f5 10. exf5 Nxf5 11. Nc3 Nf6 12. O-O O-O 13. Qd3 Bh6 14. Bxh6 Nxh6
15. Rae1 Nf7 16. h4 Qd7 17. Ne4 Nxe4 18. Rxe4 Nh6 19. Qd2 Nf5 20. Kh2 Qg7 21.
Bh3 Rf6 22. f4 Nd4 23. Bg2 1/2-1/2

[Event "Paris ch 2005"]
[Site "Paris FRA"]
[Date "2005.07.10"]
[Round "2.39"]
[White "Leroux, Richard"]
[Black "Spielmann, Alain"]
[Result "0-1"]
[WhiteElo "2200"]
[BlackElo "2283"]
[PlyCount "58"]
[EventDate "2005.07.09"]
[EventType "swiss"]
[EventRounds "9"]
[EventCountry "FRA"]
[Source "lmi"]
[SourceDate "2005.07.17"]

1. d4 Nf6 2. c4 g6 3. Nc3 d5 4. cxd5 Nxd5 5. e4 Nxc3 6. bxc3 Bg7 7. Bc4 c5 8.
Ne2 O-O 9. O-O Nc6 10. Be3 Bd7 11. a4 Rc8 12. d5 Na5 13. Ba2 Qe8 14. Bb1 e6 15.
Ra2 exd5 16. exd5 Qe5 17. Bf4 Qh5 18. f3 Rfe8 19. Ng3 Qh4 20. Bd2 Nc4 21. Ne4
f5 22. Bg5 Qh5 23. Nf6+ Bxf6 24. Bxf6 Ne3 25. Qb3 Nxf1 26. d6+ c4 27. Qxb7
Qxh2+ 28. Kf2 Qg3+ 29. Kg1 Re1 0-1